Electrons in Metals and Semiconductors

Salvato in:
Dettagli Bibliografici
Autore principale: Chambers, R. G (Autore)
Natura: Libro
Lingua:inglese
Pubblicazione: Londres Chapman and Hall 1990
Soggetti:
Tags: Aggiungi Tag
Nessun Tag, puoi essere il primo ad aggiungerne!!

MARC

LEADER 00000nam a2200000 a 4500
001 UCH2753
003 CL-VaPUC
008 090624e19900000UK |||||||||||||||||eng|d
020 |a 0412368404 
082 0 4 |a 530.41  |b CHA  |2 21 
100 0 |a Chambers, R. G  |e author  |9 537773 
245 1 0 |a Electrons in Metals and Semiconductors 
300 |a 230 p 
942 |c BK 
945 |d 20090624 00:00:00  |a dcastane 
260 |a Londres  |b Chapman and Hall  |c 1990 
650 7 |a FISICA DE LOS SOLIDOS  |2 CL-VaPUC  |9 345855 
650 7 |a ESTRUCTURA DE LOS METALES  |2 CL-VaPUC  |9 537774 
650 7 |a FUERZA ATOMICA  |2 CL-VaPUC  |9 375525 
650 7 |a ELECTRONES  |2 CL-VaPUC  |9 322158 
650 0 |a Semiconductores  |9 260250 
583 |a last modification  |c 20090624 00:00:00  |k Rodrigo Vera 
999 |c 334452  |d 334450 
952 |0 0  |1 0  |4 0  |6 530_410000000000000_CHA_1990  |7 0  |8 A  |9 423506  |a BIBCUR  |b BIBCUR  |d 2019-11-22  |i 4564936  |o 530.41 CHA 1990  |p 4564936  |r 2025-04-22  |w 2019-11-22  |y BK  |k FIS